| 000 | 00449nam a22001697a 4500 | ||
|---|---|---|---|
| 999 |
_c523845 _d523845 |
||
| 003 | NUST | ||
| 038 | _awaseem | ||
| 082 |
_a891.4391 _bAKH |
||
| 100 |
_aAkhtar, Saleem _914646 |
||
| 245 |
_aPakistani Adab 2004 / _cSaleem Akhtar |
||
| 260 |
_aIslamabad : _bAcademy Adabiyat, _c2005. |
||
| 300 | _a350 p. ; | ||
| 500 | _aPaperback. | ||
| 880 |
_6100-02\r _aسلیم اختر |
||
| 880 |
_6245-02\r _aپاکستانی ادب 2004 / |
||
| 942 |
_2ddc _cBK |
||